| 000 | 00531nam a22001817a 4500 | ||
|---|---|---|---|
| 005 | 20111212113139.0 | ||
| 020 | _a9780431124865 | ||
| 037 | _bBPPD | ||
| 082 |
_22nd ed. _a363.73874 |
||
| 100 |
_aMorgan,Sally _942243 |
||
| 245 |
_aGlobal Warming / _cby Sally Morgan |
||
| 260 |
_aLondon _b"Heinemann"Person Education _c2009 |
||
| 270 |
_a7 Pilgrim Steet,. _bLondon |
||
| 300 |
_a64p. _bill _c24cm(Hb) |
||
| 490 |
_aScience at the edge _942244 |
||
| 500 | _aIncludes index | ||
| 942 |
_2ddc _cCH _mMOR _h363.73874 |
||
| 999 |
_c62949 _d62949 |
||